Coping with guilt & shame workbook : facilitator reproducible guided self-exploration activities /

Research suggests that when people face constant stressors and unwanted changes, they become emotionally upset and experience a variety of negative feelings. With repeated exposure, people experience the chronic overload of emotional stress. Two of the most common distress emotions are guilt and sha...

Full description

Bibliographic Details
Main Authors: Leutenberg, Ester A. (Author), Liptak, John J. (Author)
Corporate Author: Alexander Street (Firm)
Other Authors: Brodsky, Amy L. (Amy Leutenberg) (Illustrator)
Format: eBook
Language:English
Language Notes:In English.
Published: Duluth, MN : Whole Person Associates, [2013]
Subjects:
Online Access:Connect to the full text of this electronic book

MARC

Tag First Indicator Second Indicator Subfields
LEADER 00000cam a2200000Mi 4500
001 in00005639739
006 m o d
007 cr |n||||||||a
008 171005s2013 mnua o 000 0 eng d
005 20250331202704.8
035 |a (OCoLC)on1022729895 
040 |a ALSTP  |b eng  |e rda  |c ALSTP  |d OCLCO  |d OCLCF  |d CAUOI  |d INT  |d OCLCQ  |d WYU  |d UPM  |d OCLCO  |d OCLCL 
035 |a (OCoLC)1022729895 
049 |a TXAM 
100 1 |a Leutenberg, Ester A.,  |e author. 
245 1 0 |a Coping with guilt & shame workbook :  |b facilitator reproducible guided self-exploration activities /  |c Ester A. Leutenberg & John J. Liptak, Ed.D. ; illustrated by Amy L. Brodsky. 
246 3 3 |a Coping with guilt and shame workbook 
264 1 |a Duluth, MN :  |b Whole Person Associates,  |c [2013] 
264 4 |c copyright 2013 
300 |a 1 online resource (91 pages) :  |b illustrations. 
336 |a text  |b txt  |2 rdacontent 
337 |a computer  |b c  |2 rdamedia 
338 |a online resource  |b cr  |2 rdacarrier 
347 |a data file  |2 rda 
500 |a Title from resource description page (viewed October 05, 2017). 
505 0 |a Causes of Guilt -- Coping with Guilt -- Feelings of Shame -- Effects of Shame. 
520 |a Research suggests that when people face constant stressors and unwanted changes, they become emotionally upset and experience a variety of negative feelings. With repeated exposure, people experience the chronic overload of emotional stress. Two of the most common distress emotions are guilt and shame. Guilt reminds us of the wrong deeds we’ve done, or perceived that we have done, and shame tells us that we feel embarrassed, remorseful, or even disgraced. All people feel guilt and shame in their life and both emotions can be difficult to cope with. Guilt, a very common type of emotional distress, can be described as a feeling that involves self-blame and a sense of responsibility for a regretted action or thought. People experience guilty feelings with regret and self-reproach over the belief that they have done, or will do, something wrong. Guilt often results from the perception of falling short of self-expectations or the expectations of others. Like many feelings, guilt is often based on irrational thoughts, not facts. Feelings of guilt are usually associated with self-talk statements such as “I should have,” “If I would have,” and “I could have.”Shame is a basic part of being human. Shame can be described as a sense of inadequacy about who you are, how you behave and what you value. It is a negative emotion that people experience when they are feeling embarrassed, humiliated or disgraced, especially in the eyes of important people in their life. Shame is based on an image that people internalize of what is expected of them by others, or of themselves, and then the perception that they have fallen short in another’s, or their own, eyes. Shame can be incapacitating and injurious to people’s physical and emotional health, self-esteem and well-being. Many people spend a great deal of their lives living with guilt and shame. It is important for them to deal with the emotions, thoughts and actions related to both guilt and shame in order to lead a more stress-free, calm and satisfying life. The Coping with Guilt and Shame Workbook provides assessments and self-exploration activities to help participants learn useful skills for coping with various forms of guilt and shame. Activities are divided into four chapters to help you identify and select assessments easily and quickly:Chapter 1: Causes of Guilt – This chapter helps participants identify the primary reasons they feel guilty. Chapter 2: Coping with Guilt –This chapter shows participants effective coping strategies. Chapter 3: Feelings of Shame –This chapter helps participants explore the intensity of their feelings of shame. Chapter 4: Effects of Shame –This chapter helps participants identify reasons for and effects of shame. 
546 |a In English. 
650 0 |a Guilt  |v Problems, exercises, etc. 
650 0 |a Shame  |v Problems, exercises, etc. 
650 6 |a Culpabilité  |v Problèmes et exercices. 
650 6 |a Honte  |v Problèmes et exercices. 
650 7 |a Guilt.  |2 fast  |0 (OCoLC)fst00949079 
650 7 |a Shame.  |2 fast  |0 (OCoLC)fst01115183 
655 7 |a Electronic books.  |2 local 
655 2 |a Problems and Exercises 
655 7 |a exercise books.  |2 aat 
655 7 |a Problems and exercises.  |2 fast  |0 (OCoLC)fst01423783 
655 7 |a Problems and exercises.  |2 lcgft 
655 7 |a Problèmes et exercices.  |2 rvmgf 
700 1 |a Liptak, John J.,  |e author. 
700 1 |a Brodsky, Amy L.  |q (Amy Leutenberg),  |e illustrator.  |1 https://id.oclc.org/worldcat/entity/E39PCjxddb8tH4gvbGc9YpV9jC 
710 2 |a Alexander Street (Firm) 
776 0 8 |i Original version:  |z 9781570252686  |w (OCoLC)828721734 
856 4 0 |u http://proxy.library.tamu.edu/login?url=https://www.aspresolver.com/aspresolver.asp?CTV4;3404611  |z Connect to the full text of this electronic book  |t 0 
955 |a Alexander Street - Behavioral and Mental Health Online 
994 |a 92  |b TXA 
999 f f |s 9b7ec99e-f40e-45c8-a48d-b422ff51c9ad  |i 82aa9547-e88f-431c-961d-04761cbf61db  |t 0 
952 f f |a Texas A&M University  |b College Station  |c Electronic Resources  |d Available Online  |t 0  |h Library of Congress classification 
998 f f |t 0  |l Available Online